000 00512nam a2200169 a 4500
001 000009277
005 20200929161535.0
008 090929s1981 dr 000 0 spa d
040 _aDO-SdBNP
082 _axxxx
_bA168l
110 1 _aAcademia Dominicana de Medicina
_924000
245 1 3 _aEl libro de oro. 10 Aniversario /
_cpresentación José María Duquela Morales.
260 _aSanto Domingo
_fCorripio
_c1981.
300 _a141 p. ;
_c23 cm.
504 _aIncluye bibliografías (p. 36-38 )
049 _aBNPD
999 _c9039
_d9039